Ariana grande la goat - Statistiques

Statistiques générales
  • Ce quiz a été pris 280 fois
  • Le résultat moyen est 7 sur 15
Statistiques - réponses
Hint Réponse % Correct
Dans quelle série télévisée Ariana Grande a-t-elle joué le rôle de Cat Valentine? Victorious/ sam&cat
98%
Quel album a marqué le début de la carrière musicale d'Ariana Grande en 2013? Yours Truly
87%
Quel est le vrai nom complet d'Ariana Grande? Ariana Grande-Butera
82%
Avec qui Ariana Grande a-t-elle collaboré pour le duo de chanson "Rain On Me" en 2020? lady gaga
77%
En quelle année Ariana Grande a-t-elle sorti son tout premier single "Put Your Hearts Up"? 2011
65%
En 2022, Ariana Grande a joué dans un film musical adapté d'une comédie musicale populaire. Quel est le nom de ce film? wicked
64%
Qui est le frère aîné d'Ariana Grande, bien connu dans l'industrie du divertissement? Frankie Grande
61%
Quel est le titre de l'album d'Ariana Grande qui a remporté le Grammy Award du meilleur album pop vocal en 2019? Sweetener
60%
Quel âge avait Ariana Grande lorsqu'elle a auditionné pour le rôle de Cat Valentine dans "Victorious"? 16 ans
34%
Quelle chanson d'Ariana Grande a atteint la première place du Billboard Hot 100 pour la première fois? problem
29%
Quelle chanson d'Ariana Grande a été nominée pour un Oscar en 2022 dans la catégorie Meilleure chanson originale? Just Look Up
14%
Quel est le nom du premier parfum d'Ariana Grande, sorti en 2015? Ari by Ariana Grande
13%
Combien de fois Ariana Grande a-t-elle été nominée aux Grammy Awards jusqu'en 2023? 7 fois
12%
En 2017, Ariana Grande a organisé un concert de bienfaisance à Manchester, en réponse à quel événement tragique? Attentat terroriste
4%
Quelle est la signification de "Dangerous Woman", titre d'un album et d'une chanson d'Ariana Grande? Femme dangeureuse
4%
Aucun quiz correspondant
Distribution des résultats
% des personnes avec chaque résultat
Percentile par nombre de réponses
Votre historique - résultats
Vous n’avez pas pris ce quiz